书目信息 |
| 题名: |
材料热力学
|
|
| 作者: | 徐祖耀 , 李麟 著 | |
| 分册: | ||
| 出版信息: | 北京 科学出版社 1999.10 |
|
| 页数: | 270页 | |
| 开本: | 26cm | |
| 丛书名: | ||
| 单 册: | ||
| 中图分类: | TB3 | |
| 科图分类: | ||
| 主题词: | 工程材料 | |
| 电子资源: | ||
| ISBN: | 7-03-007167-0 | |
| 000 | 00582nam0 2200217 45 | |
| 001 | 0262042463 | |
| 005 | 2002041117140246 | |
| 010 | @a7-03-007167-0@dRMB 30.00 | |
| 100 | @a20020411d1999 km y0chiy0120 ea | |
| 101 | 0 | @achi |
| 102 | @aCN@b110000 | |
| 200 | 1 | @a材料热力学@Acai liao re li xue@f徐祖耀,李麟著@FXu Zu Yao,Li Lin Zhu |
| 205 | @a2版 | |
| 210 | @a北京@c科学出版社@d1999.10 | |
| 215 | @a270页@d26cm | |
| 606 | 0 | @a工程材料 |
| 690 | @aTB3@v3 | |
| 701 | 0 | @a徐祖耀@AXu Zu Yao@4著 |
| 701 | 0 | @a李麟@ALi Lin@4著 |
| 801 | 0 | @aCN@bPFT@c20020411 |
| 905 | @a安徽大学@dTB3@eX848 | |
| 材料热力学/徐祖耀,李麟著.-2版.-北京:科学出版社,1999.10 |
| 270页;26cm |
| ISBN 7-03-007167-0:RMB 30.00 |
| ● |
| 相关链接 |
|
|
|
正题名:材料热力学
索取号:TB3/X848
 
预约/预借
| 序号 | 登录号 | 条形码 | 馆藏地/架位号 | 状态 | 备注 |
| 1 | 358807 | 203588073 | 自科库501/501自科库 9排2列3层/ [索取号:TB3/X848] | 在馆 | |
| 2 | 358808 | 203588082 | 自科库501/501自科库 9排2列3层/ [索取号:TB3/X848] | 在馆 | |
| 3 | 358809 | 203588091 | 自科库501/501自科库 9排2列3层/ [索取号:TB3/X848] | 在馆 |